Applied linear algebra and matrix analysis (Record no. 7463)
[ view plain ]
| 000 -LEADER | |
|---|---|
| fixed length control field | 00467 a2200157 4500 |
| 082 ## - DEWEY DECIMAL CLASSIFICATION NUMBER | |
| Classification number | 512.5 |
| 090 ## - LOCALLY ASSIGNED LC-TYPE CALL NUMBER (OCLC); LOCAL CALL NUMBER (RLIN) | |
| -- | 3556 |
| -- | 3556 |
| 100 ## - MAIN ENTRY--PERSONAL NAME | |
| Personal name | Shores, Thomas S. |
| 245 ## - TITLE STATEMENT | |
| Title | Applied linear algebra and matrix analysis |
| Statement of responsibility, etc. | Thomas S. Shores |
| 250 ## - EDITION STATEMENT | |
| Edition statement | 2nd {rev} |
| 260 ## - PUBLICATION, DISTRIBUTION, ETC. | |
| Place of publication, distribution, etc. | New York : |
| Name of publisher, distributor, etc. | McGraw-Hill Co. Inc., |
| Date of publication, distribution, etc. | 2000. |
| 300 ## - PHYSICAL DESCRIPTION | |
| Extent | xii, 393 p. : |
| Other physical details | ill. ; |
| Dimensions | 25 cm. |
| 500 ## - GENERAL NOTE | |
| General note | Includes Index |
| 650 ## - SUBJECT ADDED ENTRY--TOPICAL TERM | |
| Topical term or geographic name entry element | 1.Algebras, Linear.2.Matrix analytic methods. |
| 942 ## - ADDED ENTRY ELEMENTS (KOHA) | |
| Koha item type | Book |
| Call number prefix | 512.5 SHO |
| Withdrawn status | Lost status | Damaged status | Not for loan | Collection code | Permanent Location | Current Location | Shelving location | Date acquired | Total Checkouts | Total Renewals | Full call number | Barcode | Date last seen | Date last checked out | Price effective from | Koha item type | Source of acquisition |
|---|---|---|---|---|---|---|---|---|---|---|---|---|---|---|---|---|---|
| Central Library (CL) | Central Library (CL) | General Stacks | 05/19/2014 | 3 | 4 | 512.5 SHO | SEECS001798 | 07/03/2024 | 10/31/2021 | 01/05/2017 | Book | ||||||
| Central Library (CL) | Central Library (CL) | General Stacks | 11/07/2001 | 3 | 512.5 SHO | SEECS001460 | 06/02/2025 | 03/09/2025 | 01/05/2017 | Book | Donation | ||||||
| Central Library (CL) | Central Library (CL) | General Stacks | 11/07/2001 | 8 | 11 | 512.5 SHO | SEECS001461 | 02/19/2026 | 03/05/2024 | 01/05/2017 | Book | Donation |
